000 00410nam a2200145Ia 4500
008 231129s2010||||xx |||||||||||||| ||spa||
020 _a978-958-45-2931-2
040 _bspa
082 _aM863 T129c
100 _aTaibo II Paco Ignacio
245 0 _aCosa fácil : una historia de Belascoarán Shayne
260 _c2010
264 _aVerticales de Bolsillo
942 _2ddc
_cBKS
999 _c8155
_d8155